| 000 | 01247cam a2200349 a 4500 | ||
|---|---|---|---|
| 001 | 12415363 | ||
| 003 | OSt | ||
| 005 | 20140310184338.0 | ||
| 008 | 010521s2002 nyua 000 0 eng | ||
| 010 | _a 2001034864 | ||
| 020 | _a0439518407 | ||
| 040 |
_aDLC _cDLC _dDLC |
||
| 042 | _alcac | ||
| 050 | 0 | 0 |
_aPZ 8.3 _b.D627 2003 |
| 245 | 0 | 0 |
_aDo your ears hang low? : _ba love story / _cCaroline Jayne Church. |
| 250 | _a1st American ed. | ||
| 260 |
_aNew York : _bScholastic, _c2003. |
||
| 300 |
_bcol. ill. ; _c23 cm. |
||
| 521 | _aBR | ||
| 526 | _cBR | ||
| 650 | 0 |
_aFolk songs, English _zUnited States _vTexts. _924275 |
|
| 650 | 0 |
_aChildren's songs _zUnited States _vTexts. _924276 |
|
| 650 | 1 |
_aDogs _vSongs and music. _924277 |
|
| 650 | 1 |
_aFolk songs _zUnited States. _924278 |
|
| 650 | 1 |
_aSongs. _922167 |
|
| 700 | 1 |
_aChurch, Caroline, _eill. _924279 |
|
| 856 | 4 | 2 |
_3Publisher description _uhttp://www.loc.gov/catdir/enhancements/fy1203/2001034864-d.html |
| 906 |
_a7 _bcbc _corignew _d1 _eocip _f20 _gy-gencatlg |
||
| 942 |
_2lcc _cBK-SCHOLAS |
||
| 999 |
_c33776 _d33776 |
||